| 000 | 00559nam a2200193Ia 4500 | ||
|---|---|---|---|
| 005 | 20250326141824.0 | ||
| 008 | 250326s9999 xx 000 0 und d | ||
| 020 | _a81-85221-03-0 | ||
| 037 | _aTextbook | ||
| 040 |
_aFMSL _beng _cFMSL |
||
| 041 |
_aeng _2eng |
||
| 084 |
_aX:97.4447 M9;1 _qFMSL |
||
| 100 |
_aMattoo A R _9237350 |
||
| 245 | 0 |
_aIndustrial relations in public sector undertaking _cMattoo A R |
|
| 260 |
_aDelhi _bDelhi, V K Pub. House _c1989 |
||
| 300 | _a195p | ||
| 942 |
_cTB _hX:97.4447 M9;1 |
||
| 999 |
_c1292139 _d1292139 |
||